The marriage and family experience : (Record no. 14025)

000 -LEADER
fixed length control field 01101cam a2200313 a 4500
001 - CONTROL NUMBER
control field 14560368
005 - DATE AND TIME OF LATEST TRANSACTION
control field 20170105102845.0
008 - FIXED-LENGTH DATA ELEMENTS--GENERAL INFORMATION
fixed length control field 060920s2008 caua b 001 0 eng
010 ## - LIBRARY OF CONGRESS CONTROL NUMBER
LC control number 2006935083
020 ## - INTERNATIONAL STANDARD BOOK NUMBER
International Standard Book Number 9780534624248 (student ed.)
020 ## - INTERNATIONAL STANDARD BOOK NUMBER
International Standard Book Number 0534624243 (student ed.)
020 ## - INTERNATIONAL STANDARD BOOK NUMBER
International Standard Book Number 9780495500834 (looseleaf ed.)
020 ## - INTERNATIONAL STANDARD BOOK NUMBER
International Standard Book Number 0495500836 (looseleaf ed.)
040 ## - CATALOGING SOURCE
Original cataloging agency DLC
Transcribing agency DLC
Modifying agency DLC
050 00 - LIBRARY OF CONGRESS CALL NUMBER
Classification number HQ734
Item number .S9738 2008
100 1# - MAIN ENTRY--PERSONAL NAME
Personal name Strong, Bryan.
245 14 - TITLE STATEMENT
Title The marriage and family experience :
Remainder of title intimate relationships in a changing society /
Statement of responsibility, etc. Bryan Strong, Christine DeVault, Theodore F. Cohen.
250 ## - EDITION STATEMENT
Edition statement 10th ed.
260 ## - PUBLICATION, DISTRIBUTION, ETC.
Place of publication, distribution, etc. Belmont, CA :
Name of publisher, distributor, etc. Thomson/Wadsworth,
Date of publication, distribution, etc. c2008.
300 ## - PHYSICAL DESCRIPTION
Extent xxvii, 643 p. :
Other physical details ill. (some col.) ;
Dimensions 26 cm.
504 ## - BIBLIOGRAPHY, ETC. NOTE
Bibliography, etc. note Includes bibliographical references (p. 577-618) and indexes.
650 #0 - SUBJECT ADDED ENTRY--TOPICAL TERM
Topical term or geographic name entry element Marriage.
650 #0 - SUBJECT ADDED ENTRY--TOPICAL TERM
Topical term or geographic name entry element Families.
700 1# - ADDED ENTRY--PERSONAL NAME
Personal name DeVault, Christine.
700 1# - ADDED ENTRY--PERSONAL NAME
Personal name Cohen, Theodore F.
906 ## - LOCAL DATA ELEMENT F, LDF (RLIN)
a 7
b cbc
c origcop
d 3
e epcn
f 20
g y-gencatlg
942 ## - ADDED ENTRY ELEMENTS (KOHA)
Source of classification or shelving scheme
Koha item type Book
Holdings
Withdrawn status Lost status Damaged status Not for loan Collection code Permanent Location Current Location Shelving location Date acquired Total Checkouts Full call number Barcode Date last seen Price effective from Koha item type
          Centre for International Peace & Stability (CIPS) Centre for International Peace & Stability (CIPS) General Stacks 09/12/2013   306.8 STR 2008 CIPS0000949 09/12/2013 09/12/2013 Book
© 2023 Central Library, National University of Sciences and Technology. All Rights Reserved.